ALL Tate Mcrae Songs - Statistics

General Stats
  • This quiz has been taken 179 times
  • The average score is 46 of 75
Answer Stats
Hint Answer % Correct
7 Sports car
91%
17 greedy
90%
22 exes
87%
1 Miss possessive
87%
47 You
87%
2 2 hands
86%
3 Revolving door
86%
11 It's ok I'm ok
85%
6 Purple lace bra
84%
4 bloodonmyhands
82%
9 I know love
82%
26 think later
82%
52 you broke me first
82%
39 she's all i wanna be
80%
5 Dear god
79%
14 Greenlight
79%
15 Nostalgia
78%
24 calgary
77%
18 run for the hills
77%
16 cut my hair
76%
29 plastic palm trees
76%
8 Signs
76%
75 One Day
74%
13 Means I care
73%
20 grave
72%
25 messier
71%
31 uh oh
70%
40 boy x
69%
36 chaotic
69%
10 Like I do
69%
42 feel like shit
68%
19 hurt my feelings
68%
49 rubberband
68%
63 that way
68%
30 10:35
67%
12 No I'm not in love
67%
28 want that too
67%
23 we're not alike
66%
21 stay done
65%
35 what would you do?
63%
44 i still say goodnight
61%
38 what's your problem?
61%
62 all my friends are fake
60%
69 Teenage Mind
60%
61 stupid
59%
33 don't come back
58%
53 wish i loved you in the 90s
55%
41 you're so cool
55%
43 go away
54%
51 r u ok
54%
37 hate myself
53%
27 guilty conscience
50%
59 vicious
50%
46 working
50%
50 slower
49%
54 slower
49%
48 bad ones
48%
64 tear myself apart
48%
57 lie to me
47%
34 i'm so gone
46%
72 Shoulder to Shoulder
41%
68 Drown
40%
65 happy face
40%
74 Hung up on You
39%
67 Slip
39%
66 Kids Are Alright
38%
73 Hard to Find
35%
58 don't be sad
34%
71 Distant
33%
70 Can't Get It Out
30%
55 Darkest Hour
28%
60 Boys Ain't Shit
27%
32 Question Mark
27%
56 Heather
15%
45 that way (Jeremy Zucker Version)
4%
No matching quizzes found
Score Distribution
Percent of People with Each Score
Percentile by Number Answered
Your Score History
You have not taken this quiz